Library of the University of Algiers 3
Ibrahim Sultan Cheibout
شعار جامعة الجزائر 3
مكتبة جامعة الجزائر 3
إبراهيم سلطان شيبوط

النظم الإقتصادية المعاصرة : (رقم التسجيلة. 45512)

تفاصيل مارك
000 -LEADER
fixed length control field 00982nam a2200217Ia 4500
003 - CONTROL NUMBER IDENTIFIER
control field Ost
005 - DATE AND TIME OF LATEST TRANSACTION
control field 20260507075647.0
008 - FIXED-LENGTH DATA ELEMENTS--GENERAL INFORMATION
fixed length control field 260507s9999||||xx |||||||||||||| ||und||
040 ## - CATALOGING SOURCE
Transcribing agency fsecg
041 ## - LANGUAGE CODE
Language code of text/sound track or separate title ara
082 ## - DEWEY DECIMAL CLASSIFICATION NUMBER
Classification number 330.12
100 ## - MAIN ENTRY--PERSONAL NAME
Personal name عبد الله، محمد حامد
Relator term مؤلف
245 #0 - TITLE STATEMENT
Title النظم الإقتصادية المعاصرة :
Remainder of title عرض وتحليل ونقد /
Statement of responsibility, etc. محمد حامد عبد الله
260 ## - PUBLICATION, DISTRIBUTION, ETC.
Place of publication, distribution, etc. الرياض:
Name of publisher, distributor, etc. عمادة شؤون المكتبات,
Date of publication, distribution, etc. 1987
300 ## - PHYSICAL DESCRIPTION
Extent 181 صفحة؛
Other physical details إيضاحات ؛
Dimensions 24 سم
520 ## - SUMMARY, ETC.
Summary, etc. النظام الإقتصادي وأسس تقويمه- النظام الإقتصادي الرأسمالي- نظام التخطيط المركزي- النظام الإقتصادي المختلط- النظم الإقتصادية في الدول النامية.
653 ## - INDEX TERM--UNCONTROLLED
Uncontrolled term الإقتصاد
653 ## - INDEX TERM--UNCONTROLLED
Uncontrolled term الإقتصاد المعاصر
653 ## - INDEX TERM--UNCONTROLLED
Uncontrolled term النظم الإقتصادية
942 ## - ADDED ENTRY ELEMENTS (KOHA)
Koha item type كتب
المقتنيات
Withdrawn status Lost status Source of classification or shelving scheme Damaged status Not for loan Home library Current library Date acquired Serial enumeration / chronology Inventory number Total checkouts Full call number Barcode Date last seen Price effective from Koha item type
    Library of Congress Classification   NOT LOAN / إعارة داخلية مكتبة كلية العلوم الإقتصادية والعلوم التجارية وعلوم التسيير مكتبة كلية العلوم الإقتصادية والعلوم التجارية وعلوم التسيير 07/05/2026 الطابق الأرضي 1/1638   أ/1638ن1 1/1638 07/05/2026 07/05/2026 كتب

موارد الويب المفتوحة


© University of Algiers 3 All Rights Reserved
|
Implemented by LECHELAH Riad